8th International Conference on New Trends in Statics and Dynamics of Buildings Conference Proceedings October 21-22, 2010 Bratislava

Bibliographic Details
Corporate Author: New Trends in Statics and Dynamics of Buildings Bratislava, Slovensko
Other Authors: Jendželovský, Norbert, 1958- (Editor), Grmanová, Alžbeta (Editor)
Format: Conference Proceeding Book
Language:English
Czech
Polish
Slovak
PhysicalDescription:iv, 237 s. grafy, ilustr., tab. 30 cm
Published: Bratislava Slovak University of Technology 2010
ISBN:9788022733731
Edition:[1. vyd.]
Subjects:

MARC

LEADER 00000cam a2200000 a 4500
001 vtls010196394
003 SK-MaSNL
005 20260302081845.0
008 250414s2010 xo dal g bi 101 0 eng
020 |a 9788022733731  |q (brož.) 
035 |a ec59271b-33f6-44b0-84b3-32233cbeae41 
035 |a urn:nbn:sk:snk-amjtli 
035 |a urn:nbn:sk:snk:ar-a0c5h6 
040 |a SNK  |b slo  |c SNK  |e AACR2 
041 0 |a eng  |a cze  |a pol  |a slo  |b eng 
044 |a xo  |c SK 
072 7 |a 624  |x Inžinierske staviteľstvo  |2 konspekt 
080 |a 624.04  |2 2001 
080 |a 624/627  |2 2001 
080 |a 624.041  |2 2001 
080 |a (062.534)  |2 2001 
080 |a 624.042/.044  |2 2001 
111 2 |a New Trends in Statics and Dynamics of Buildings  |n (8. :  |d 2010 :  |c Bratislava, Slovensko)  |9 747892 
245 0 0 |a 8th International Conference on New Trends in Statics and Dynamics of Buildings  |b Conference Proceedings October 21-22, 2010 Bratislava  |c [edited by Norbert Jendželovský, Alžbeta Grmanová] 
246 3 0 |a New Trends in Statics and Dynamics of Buildings 
250 |a [1. vyd.] 
260 |a Bratislava  |b Slovak University of Technology  |c 2010 
300 |a iv, 237 s.  |b grafy, ilustr., tab.  |c 30 cm 
504 |a Bibliogr. Bibliogr. odkazy. Reg. 
546 |a Res. angl. Text aj čes., poľ., slov. 
650 0 7 |a stavebná mechanika  |2 SNKPH  |9 4181 
650 0 7 |a inžinierske staviteľstvo  |2 SNKPH  |9 725 
650 0 7 |a statika stavebných konštrukcií  |2 SNKPH  |9 4180 
650 0 7 |a Structural mechanics  |2 SNKPHeng  |9 330400 
650 0 7 |a Structural engineering  |2 SNKPHeng  |9 267358 
650 0 7 |a Structural statics  |2 SNKPHeng  |9 314013 
650 0 7 |a dynamika stavebných konštrukcií  |2 SNKPH  |9 91017 
650 0 7 |a Structural dynamics  |2 SNKPHeng  |9 346070 
655 7 |a zborníky konferencií  |2 SNKPH  |9 70153 
655 7 |a Proceedings of conferences  |2 SNKPHeng  |9 265791 
655 7 |a issue_zb  |2 SNK  |9 276493 
700 1 |a Jendželovský, Norbert,  |d 1958-  |4 edt  |9 212879 
700 1 |a Grmanová, Alžbeta  |4 edt  |9 363507 
852 |a Slovenská národná knižnica 
919 |a 978-80-227-3373-1 
954 |a odborná, vedecká literatúra pôvodná (slovenská)  |2 lita 
954 |a odborná, vedecká literatúra cudzojazyčná (svetová)  |2 lita 
958 |a OND 
958 |a ART 
958 |a NB 
968 |d 62 
999 |c 1178021  |d 1179951 
952 |a SNK  |b SNK  |y PREZ  |7 0  |p 17A0684964  |o snkSB 80733  |i snk2011/556  |8 0  |0 0  |1 0  |4 0  |d 2011-01-11  |f 1  |l 0  |r 2025-05-05 00:00:00  |w 2026-02-24 
952 |a SNK  |b SNK  |y VYP  |7 0  |p 17A0684963  |o snkSB 80733 D1  |i snk2011/557  |8 0  |0 0  |1 0  |4 0  |d 2011-01-11  |l 0  |r 2016-06-30 00:00:00  |w 2026-02-24